[Event "Schachfestival 2016 - Open"]
[Site "Bad Woerishofen"]
[Date "2016.02.26"]
[Round "2.36"]
[White "Bartels, Holger"]
[Black "Bergen, Klaus"]
[Result "1-0"]
[WhiteElo "2124"]
[BlackElo "1912"]
[Annotator "chessorg"]
[PlyCount "35"]
[EventDate "2016.??.??"]
[BlackTeam "Austrian Airlines"]

1. e4 c5 2. Nf3 e6 3. d4 cxd4 4. Nxd4 Nc6 5. Nc3 a6 6. g3 Qc7 7. Bg2 Nf6 8. O-O
Nxd4 9. Qxd4 Bc5 10. Bf4 d6 11. Qd2 Ng4 12. b4 Bxb4 13. Nd5 Bxd2 14. Nxc7+ Kd7
15. Nxa8 Bxf4 16. gxf4 Kc6 17. e5+ d5 18. c4 1-0

[Event "Schachfestival 2016 - Open"]
[Site "Bad Woerishofen"]
[Date "2016.02.26"]
[Round "2.37"]
[White "Woeltge, Carsten"]
[Black "Burchert, Wolfgang"]
[Result "0-1"]
[WhiteElo "1866"]
[BlackElo "2115"]
[Annotator "chessorg"]
[PlyCount "72"]
[EventDate "2016.??.??"]
[WhiteTeam "SC Bonn Beuel"]
[BlackTeam "SC Hansa Dortmund e.V."]

1. d4 Nf6 2. c4 e6 3. Nc3 Bb4 4. Bg5 c5 5. d5 exd5 6. cxd5 h6 7. Bh4 d6 8. e3
O-O 9. Bd3 Nbd7 10. Nge2 Ne5 11. O-O Nxd3 12. Qxd3 Re8 13. Rad1 Qe7 14. a3 Bxc3
15. Nxc3 a6 16. Bxf6 Qxf6 17. f3 Bd7 18. Rf2 Re5 19. e4 Rae8 20. b4 cxb4 21.
axb4 Rh5 22. Ne2 Rc8 23. Rc1 Rxc1+ 24. Nxc1 Qf4 25. Rc2 Qxh2+ 26. Kf2 Rg5 27.
Ke3 Rxg2 28. Rxg2 Qxg2 29. Qc3 Qg1+ 30. Kd2 Qf2+ 31. Ne2 g6 32. Kd1 Ba4+ 33.
Kd2 Bb5 34. Qc8+ Kh7 35. Qxb7 Qxe2+ 36. Kc1 Qxf3 0-1

[Event "Schachfestival 2016 - Open"]
[Site "Bad Woerishofen"]
[Date "2016.02.26"]
[Round "2.38"]
[White "Roemhild, Marcus"]
[Black "Riedl, Guenter"]
[Result "1-0"]
[WhiteElo "2115"]
[BlackElo "1877"]
[Annotator "chessorg"]
[PlyCount "60"]
[EventDate "2016.??.??"]
[WhiteTeam "LSV Turm Lippstadt"]
[BlackTeam "SK Marktoberdorf"]

1. c4 e5 2. g3 Nf6 3. Bg2 Bc5 4. Nc3 O-O 5. Nf3 d6 6. O-O a6 7. d3 c6 8. a3 Bf5
9. d4 exd4 10. Nxd4 Bg6 11. b4 Ba7 12. Bf4 Nh5 13. Be3 Qe7 14. b5 axb5 15. cxb5
Bc5 16. bxc6 bxc6 17. Nxc6 Nxc6 18. Bxc5 dxc5 19. Bxc6 Rad8 20. Qe1 Rd6 21. Bg2
Rfd8 22. e4 Rd4 23. f4 h6 24. a4 Rd3 25. a5 c4 26. Nd5 Qc5+ 27. Qf2 Qxf2+ 28.
Rxf2 Ra8 29. f5 Bh7 30. e5 Ra7 1-0

[Event "Schachfestival 2016 - Open"]
[Site "Bad Woerishofen"]
[Date "2016.02.26"]
[Round "2.39"]
[White "Buchaeckert, Juergen"]
[Black "Matzat, Andre"]
[Result "0-1"]
[WhiteElo "1907"]
[BlackElo "2098"]
[Annotator "chessorg"]
[PlyCount "26"]
[EventDate "2016.??.??"]
[WhiteTeam "SK 1912 Ludwigshafen"]
[BlackTeam "SC Wei?e Dame Borbeck 25 e.V."]

1. e4 c5 2. Nc3 Nc6 3. f4 e6 4. Nf3 d5 5. Bb5 Nge7 6. exd5 exd5 7. Qe2 f6 8. d4
Kf7 9. dxc5 Nf5 10. Be3 Bxc5 11. Bxc6 Nxe3 12. Bxd5+ Nxd5 13. O-O-O Be3+ 0-1

[Event "Schachfestival 2016 - Open"]
[Site "Bad Woerishofen"]
[Date "2016.02.26"]
[Round "2.44"]
[White "Marentini, Marcel"]
[Black "Funke, Joerg-Dietmar"]
[Result "1-0"]
[WhiteElo "2060"]
[BlackElo "1853"]
[Annotator "chessorg"]
[PlyCount "43"]
[EventDate "2016.??.??"]
[WhiteTeam "SC Bodan"]
[BlackTeam "SC Naunhof"]

1. d4 Nf6 2. c4 e6 3. Nc3 Bb4 4. e3 O-O 5. Nge2 b6 6. a3 Bxc3+ 7. Nxc3 Bb7 8.
d5 exd5 9. cxd5 c5 10. Be2 d6 11. O-O Ba6 12. Nb5 Qd7 13. a4 Bb7 14. Nc3 Ba6
15. e4 Bxe2 16. Qxe2 Qe7 17. Bg5 h6 18. Bh4 Nbd7 19. f4 Rfe8 20. Rae1 Qf8 21.
Qf3 Nh7 22. Qh3 1-0

[Event "Schachfestival 2016 - Open"]
[Site "Bad Woerishofen"]
[Date "2016.02.26"]
[Round "2.68"]
[White "Fiedler, Wolfgang"]
[Black "Koch, Till"]
[Result "1-0"]
[WhiteElo "2004"]
[BlackElo "1871"]
[Annotator "chessorg"]
[PlyCount "69"]
[EventDate "2016.??.??"]
[WhiteTeam "SK Zirndorf e.V."]
[BlackTeam "SV Unser Fritz Wanne-Eickel"]

1. f4 d5 2. Nf3 Nf6 3. e3 g6 4. d4 Bg7 5. c3 Nbd7 6. Nbd2 O-O 7. Bd3 Ng4 8. Qe2
c5 9. h3 Ngf6 10. g4 e6 11. Qg2 b6 12. Ne5 Bb7 13. O-O Nxe5 14. fxe5 Nd7 15. g5
Qc7 16. Nf3 a6 17. Bd2 Rac8 18. Be1 b5 19. Bg3 Nb6 20. Nh2 Nc4 21. Ng4 Qe7 22.
Bf4 cxd4 23. cxd4 Qb4 24. Rf2 Rc7 25. Raf1 Qa4 26. Nf6+ Kh8 27. h4 Qxa2 28. h5
Bxf6 29. gxf6 g5 30. Bxg5 Rg8 31. Bh6 Rxg2+ 32. Rxg2 Rc8 33. Kh2 Qxb2 34. Rxb2
Nxb2 35. Bb1 1-0

[Event "Schachfestival 2016 - Open"]
[Site "Bad Woerishofen"]
[Date "2016.02.26"]
[Round "2.73"]
[White "Blaeser, Romain"]
[Black "Mack, Thomas"]
[Result "1/2-1/2"]
[WhiteElo "1887"]
[BlackElo "1986"]
[Annotator "chessorg"]
[PlyCount "31"]
[EventDate "2016.??.??"]
[WhiteTeam "Differdange"]
[BlackTeam "Tarrasch Muenchen"]

1. d4 d5 2. Bg5 h6 3. Bh4 c5 4. dxc5 Qa5+ 5. Nc3 g5 6. Bg3 Bg7 7. Qd2 Nf6 8. e3
Bd7 9. Nf3 Qxc5 10. Be2 Nc6 11. Rd1 e6 12. O-O O-O 13. Ne5 Rad8 14. a3 a6 15.
b4 Qe7 16. f4 1/2-1/2

[Event "Schachfestival 2016 - Senioren"]
[Site "chessorg.de"]
[Date "2016.02.27"]
[Round "2.4"]
[White "Plischke, Berthold"]
[Black "Bhend, Edwin"]
[Result "1/2-1/2"]
[WhiteElo "1953"]
[BlackElo "2188"]
[PlyCount "31"]
[EventDate "2016.??.??"]
[WhiteTeam "Deutschland"]
[BlackTeam "Schweiz"]
[WhiteTeamCountry "GER"]
[BlackTeamCountry "SUI"]

1. e4 c5 2. Nf3 Nc6 3. d4 cxd4 4. Nxd4 e5 5. Nb5 d6 6. a4 Be7 7. N1c3 a6 8. Na3
Nf6 9. Nc4 Be6 10. Bg5 Nd4 11. Bxf6 Bxf6 12. a5 Rc8 13. Nb6 Rc5 14. Bd3 Nc6 15.
Nca4 Rxa5 16. c3 1/2-1/2

[Event "Schachfestival 2016 - Senioren"]
[Site "chessorg.de"]
[Date "2016.02.27"]
[Round "2.5"]
[White "Gerl, Hans"]
[Black "Krieger, Hermann"]
[Result "0-1"]
[WhiteElo "1951"]
[BlackElo "2172"]
[PlyCount "77"]
[EventDate "2016.??.??"]
[WhiteTeam "Deutschland"]
[BlackTeam "Deutschland"]
[WhiteTeamCountry "GER"]
[BlackTeamCountry "GER"]

1. d4 f5 2. g3 g6 3. Bg2 Nf6 4. c4 Bg7 5. Nc3 O-O 6. Nh3 d6 7. O-O e5 8. dxe5
dxe5 9. e4 Nc6 10. Qxd8 Rxd8 11. Bg5 Be6 12. Nd5 Bxd5 13. exd5 Nd4 14. f3 h6
15. Bxf6 Bxf6 16. Nf2 c6 17. dxc6 Nxc6 18. Rad1 Nd4 19. Nd3 Rac8 20. b3 Ne2+
21. Kh1 Nc3 22. Rd2 Nxa2 23. Rff2 Nc3 24. Bf1 e4 25. Nf4 e3 26. Rxd8+ Rxd8 27.
Rg2 Rd1 28. Kg1 Bd4 29. Ne2 Nxe2+ 30. Rxe2 Rb1 31. Kg2 Rxb3 32. Rc2 Kg7 33. h4
a5 34. Be2 a4 35. c5 a3 36. c6 bxc6 37. Rxc6 a2 38. Rc7+ Kf8 39. Bf1 0-1

[Event "Schachfestival 2016 - Senioren"]
[Site "Bad Woerishofen"]
[Date "2016.02.26"]
[Round "2.57"]
[White "Juenger, Leonhard"]
[Black "Braeu, Emmi"]
[Result "1-0"]
[WhiteElo "1807"]
[BlackElo "1624"]
[Annotator "chessorg"]
[PlyCount "54"]
[EventDate "2016.??.??"]
[WhiteTeam "Aachener SV 1856 e.V."]
[BlackTeam "SK Marktoberdorf"]

1. e4 c5 2. d4 cxd4 3. c3 dxc3 4. Nxc3 Nc6 5. Nf3 e6 6. Bc4 d6 7. O-O Bd7 8.
Qe2 Be7 9. Rd1 a6 10. Bf4 e5 11. Be3 Nf6 12. a3 Rc8 13. Rac1 O-O 14. b4 b5 15.
Bb3 Ng4 16. Bd2 Nd4 17. Nxd4 exd4 18. Nd5 Nf6 19. Rxc8 Bxc8 20. Rc1 Nxd5 21.
Bxd5 Bf6 22. f4 Qe7 23. g4 Qa7 24. Kg2 Bb7 25. Rc7 Rb8 26. g5 Bd8 27. Rxf7 Bb6
1-0

[Event "Schachfestival 2016 - B- Open"]
[Site "Bad Woerishofen"]
[Date "2016.02.26"]
[Round "2.8"]
[White "Spanton, Timothy"]
[Black "Kapahnke, Tilo"]
[Result "1-0"]
[WhiteElo "1908"]
[BlackElo "1596"]
[Annotator "chessorg"]
[PlyCount "67"]
[EventDate "2016.??.??"]
[WhiteTeam "Hastings"]
[BlackTeam "SC Starnberg"]

1. c4 Nf6 2. Nc3 e6 3. e4 Nc6 4. d4 Bb4 5. Bd3 d5 6. e5 Nd7 7. Qg4 g6 8. Nf3 f5
9. Qf4 Ne7 10. O-O dxc4 11. Bxc4 Nb6 12. Bb3 Nbd5 13. Qd2 c6 14. a3 Qa5 15.
axb4 Qxa1 16. Na2 a5 17. bxa5 b6 18. Qc2 Ba6 19. Rd1 Kf7 20. Ng5+ Ke8 21. Bd2
Bd3 22. Rxa1 Bxc2 23. Bxc2 bxa5 24. Nxe6 Kf7 25. Nc5 Rhb8 26. b3 Nb6 27. Nc1 a4
28. bxa4 Nc4 29. Bb3 Rxb3 30. N1xb3 Nd5 31. a5 Rb8 32. a6 Nxd2 33. Nxd2 Rb2 34.
a7 1-0

[Event "Schachfestival 2016 - B- Open"]
[Site "Bad Woerishofen"]
[Date "2016.02.26"]
[Round "2.12"]
[White "Perez Reisler, Jose"]
[Black "Schwirz, Horst"]
[Result "1-0"]
[WhiteElo "1862"]
[BlackElo "1635"]
[Annotator "chessorg"]
[PlyCount "47"]
[EventDate "2016.??.??"]

1. c4 e5 2. Nc3 Nf6 3. g3 Bb4 4. Bg2 O-O 5. Nd5 Ba5 6. a3 c6 7. Nc3 Bxc3 8.
dxc3 h6 9. Nf3 Qc7 10. O-O d5 11. cxd5 cxd5 12. h3 Nc6 13. Be3 Be6 14. Qa4 a6
15. Rfd1 b5 16. Qh4 Bf5 17. g4 Bg6 18. g5 Nh7 19. gxh6 Ne7 20. hxg7 Kxg7 21.
Nxe5 Nf5 22. Qf4 Nxe3 23. fxe3 f6 24. Nxg6 1-0

[Event "Schachfestival 2016 - B- Open"]
[Site "Bad Woerishofen"]
[Date "2016.02.26"]
[Round "2.13"]
[White "Kearsley, Raymond"]
[Black "Huber, Dorit"]
[Result "1-0"]
[WhiteElo "1730"]
[BlackElo "1606"]
[Annotator "chessorg"]
[PlyCount "35"]
[EventDate "2016.??.??"]

1. e4 c6 2. d4 d5 3. Nc3 dxe4 4. Bc4 Nf6 5. f3 exf3 6. Nxf3 Bg4 7. Ne5 Be6 8.
Bxe6 fxe6 9. O-O Nbd7 10. Qf3 Qc7 11. Bf4 Qb6 12. Kh1 Nxe5 13. Bxe5 Kd7 14. Na4
Qb5 15. Nc5+ Kc8 16. b3 b6 17. c4 Qa5 18. Qxc6+ 1-0

[Event "Schachfestival 2016 - Open"]
[Site "chess24.com"]
[Date "2016.02.28"]
[Round "3.1"]
[White "Krulich, Roman"]
[Black "Werle, Jan"]
[Result "0-1"]
[WhiteElo "2239"]
[BlackElo "2545"]
[PlyCount "144"]
[EventDate "2016.??.??"]
[WhiteTeam "Monaco"]
[BlackTeam "Niederlande"]
[WhiteTeamCountry "MNC"]
[BlackTeamCountry "NED"]
[WhiteClock "0:01:02"]
[BlackClock "0:04:44"]

1. e4 c5 2. c3 e6 3. d4 d5 4. exd5 exd5 5. Be3 c4 6. b3 cxb3 7. axb3 Nc6 8. Bd3
Nf6 9. h3 Bd6 10. Qf3 O-O 11. Ne2 Ne7 12. Bg5 Ne4 13. Bxe4 dxe4 14. Qxe4 Re8
15. O-O Nc6 16. Qh4 f6 17. Be3 Ne7 18. Qe4 Nf5 19. Qf3 Qe7 20. Nd2 Nh4 21. Qh5
g5 22. Nc4 Bc7 23. d5 Bf5 24. Ng3 Bg6 25. Qg4 b5 26. d6 Bxd6 27. Nxd6 Qxd6 28.
Nh5 Bxh5 29. Qxh5 Qc6 30. Qg4 h5 31. Qg3 Nf5 32. Qh2 Qxc3 33. Bxa7 h4 34. Rac1
Qxb3 35. Bc5 Rac8 36. Kh1 Qd5 37. Ba3 Rxc1 38. Bxc1 Qd3 39. Qg1 Qc3 40. Rd1 Kf7
41. Bd2 Qc2 42. Bb4 Kg6 43. Rc1 Qb3 44. Bc3 Rc8 45. Bb2 Rc2 46. Ba1 Rxc1 47.
Qxc1 Nd6 48. Qe1 Qd3 49. Kh2 Qe4 50. Qc3 Qf4+ 51. Kg1 Kf7 52. g3 hxg3 53. fxg3
Qf5 54. Qd4 Qb1+ 55. Kh2 Qa2+ 56. Kg1 Qe6 57. h4 gxh4 58. gxh4 Nf5 59. Qa7+ Kg6
60. Qf2 Qe4 61. Bxf6 Qb1+ 62. Kh2 Kxf6 63. Qb6+ Ke5 64. Qc5+ Ke4 65. Qc6+ Kf4
66. Qc7+ Kg4 67. h5 Qb2+ 68. Kg1 Qd4+ 69. Kf1 Qd1+ 70. Kf2 Qd2+ 71. Kg1 Qe1+
72. Kg2 Ne3+ 0-1

[Event "Schachfestival 2016 - Open"]
[Site "chess24.com"]
[Date "2016.02.28"]
[Round "3.2"]
[White "Bogner, Sebastian"]
[Black "Cocchi, Andrea"]
[Result "1-0"]
[WhiteElo "2539"]
[BlackElo "2230"]
[PlyCount "63"]
[EventDate "2016.??.??"]
[WhiteTeam "Schweiz"]
[BlackTeam "Italien"]
[WhiteTeamCountry "SUI"]
[BlackTeamCountry "ITA"]
[WhiteClock "0:20:55"]
[BlackClock "0:01:02"]

1. d4 e6 2. c4 Nf6 3. g3 d5 4. Nf3 Be7 5. Bg2 O-O 6. O-O c6 7. Qc2 b6 8. Nbd2
Ba6 9. Ne5 Nfd7 10. Nd3 Bb7 11. b3 Na6 12. a3 c5 13. cxd5 exd5 14. dxc5 Naxc5
15. Nxc5 bxc5 16. Bb2 Nf6 17. Rac1 Rc8 18. Rfd1 Qb6 19. Bh3 Rcd8 20. Bg2 Rfe8
21. e3 Rc8 22. Qf5 Red8 23. g4 h6 24. h4 Nh7 25. h5 a5 26. Bc3 Nf8 27. Nf1 Qxb3
28. Bxg7 Kxg7 29. Rb1 Qa4 30. Rxb7 Rd7 31. Bxd5 Bf6 32. Bb3 1-0

[Event "Schachfestival 2016 - Open"]
[Site "chess24.com"]
[Date "2016.02.28"]
[Round "3.3"]
[White "Felgendreher, Heiko"]
[Black "Kveinys, Aloyzas"]
[Result "0-1"]
[WhiteElo "2219"]
[BlackElo "2524"]
[PlyCount "116"]
[EventDate "2016.??.??"]
[WhiteTeam "Deutschland"]
[BlackTeam "Litauen"]
[WhiteTeamCountry "GER"]
[BlackTeamCountry "LTU"]
[WhiteClock "0:13:01"]
[BlackClock "0:58:36"]

1. e4 c5 2. Nf3 e6 3. d4 cxd4 4. Nxd4 a6 5. Nc3 Qc7 6. Bd3 Nf6 7. Qe2 d6 8. f4
Nbd7 9. g4 Nc5 10. g5 Nfd7 11. Bd2 g6 12. h4 Bg7 13. Nf3 b5 14. h5 Rg8 15. a3
Bb7 16. O-O-O Nxd3+ 17. cxd3 b4 18. axb4 a5 19. bxa5 Rxa5 20. Kc2 Nc5 21. Rb1
Ba6 22. Ne1 Na4 23. Qe3 Ke7 24. f5 gxf5 25. exf5 Rxf5 26. Rh4 Nb6 27. Kd1 Re5
28. Qf2 Rf5 29. Qe3 Nd7 30. Ra1 Qc6 31. Rha4 Bb7 32. Rc4 Rc5 33. Rb4 Ra8 34.
Rxa8 Bxa8 35. Ne4 Rb5 36. Qa7 Bb7 37. Qa3 Nc5 38. Rxb5 Qxb5 39. Nxc5 Qxc5 40.
b4 Qd4 41. Qa5 Kd7 42. Qa4+ Bc6 43. Qa6 Qd5 44. Qa7+ Bb7 45. Qb8 Bd4 46. Qg8
Qf5 47. g6 Qxh5+ 48. Kc2 Qxg6 49. Qb8 Bh1 50. b5 Qf5 51. Ba5 Qc5+ 52. Kb3 Bd5+
53. Ka4 Qc8 54. Qxc8+ Kxc8 55. Nc2 Bf2 56. Bd2 h5 57. Nb4 h4 58. Bg5 Bg3 0-1

[Event "Schachfestival 2016 - Open"]
[Site "chess24.com"]
[Date "2016.02.28"]
[Round "3.4"]
[White "Zuse, Peter"]
[Black "Karpatchev, Aleksandr"]
[Result "0-1"]
[WhiteElo "2213"]
[BlackElo "2475"]
[PlyCount "102"]
[EventDate "2016.??.??"]
[WhiteTeam "Deutschland"]
[BlackTeam "Russland"]
[WhiteTeamCountry "GER"]
[BlackTeamCountry "RUS"]
[WhiteClock "0:22:34"]
[BlackClock "0:45:14"]

1. e4 e5 2. Nf3 Nc6 3. Bc4 Bc5 4. c3 d6 5. d4 exd4 6. cxd4 Bb6 7. h3 Nf6 8. O-O
O-O 9. Re1 Nxe4 10. Rxe4 d5 11. Bxd5 Qxd5 12. Nc3 Qd8 13. d5 Ne7 14. Re2 Ng6
15. Be3 Bd7 16. Bxb6 axb6 17. Qd4 Re8 18. Rae1 Rxe2 19. Rxe2 Qf8 20. Ne5 Qd6
21. Nxg6 hxg6 22. Qh4 Re8 23. Rxe8+ Bxe8 24. Qc4 Kf8 25. Qh4 f6 26. Qg4 Qd7 27.
Qb4+ Qe7 28. Qd4 g5 29. h4 gxh4 30. Qxh4 Qe1+ 31. Kh2 Qe5+ 32. Kg1 Bf7 33. Qb4+
Kg8 34. Qb5 Qe1+ 35. Qf1 Qd2 36. Qb5 Qc1+ 37. Kh2 Qf4+ 38. Kg1 Qd6 39. Qa4 Qd8
40. Qa7 Qc8 41. d6 cxd6 42. Qxb6 d5 43. Qd6 Qe8 44. Nxd5 Qe1+ 45. Kh2 Qxf2 46.
Ne7+ Kh7 47. Qb4 b6 48. a4 g6 49. a5 bxa5 50. Qxa5 Qf4+ 51. Kh1 Qh6+ 0-1

[Event "Schachfestival 2016 - Open"]
[Site "chess24.com"]
[Date "2016.02.28"]
[Round "3.5"]
[White "Naumkin, Igor"]
[Black "Juhnke, Juergen"]
[Result "1-0"]
[WhiteElo "2413"]
[BlackElo "2214"]
[PlyCount "73"]
[EventDate "2016.??.??"]
[WhiteTeam "Russland"]
[BlackTeam "Deutschland"]
[WhiteTeamCountry "RUS"]
[BlackTeamCountry "GER"]
[WhiteClock "0:27:57"]
[BlackClock "0:48:29"]

1. d4 Nf6 2. c4 g6 3. Nc3 Bg7 4. e4 d6 5. Nf3 O-O 6. Be2 e5 7. d5 Na6 8. Bg5 h6
9. Bh4 g5 10. Bg3 Nxe4 11. Nxe4 f5 12. Nfd2 fxe4 13. Nxe4 Bf5 14. Bd3 g4 15.
O-O h5 16. f3 Bxe4 17. Bxe4 Nc5 18. Bc2 e4 19. fxg4 Qg5 20. Rxf8+ Rxf8 21. gxh5
Bxb2 22. Rb1 Qe3+ 23. Kh1 Bd4 24. Qg4+ Kh8 25. h6 Nd3 26. Bxd3 Qxd3 27. Qd1
Qxc4 28. h4 e3 29. Qg4 Rg8 30. Qf3 Qc2 31. Re1 Qd2 32. h7 Rg7 33. Rd1 Rxg3 34.
Qf8+ Kxh7 35. Qf7+ Rg7 36. Qh5+ Kg8 37. Rxd2 1-0

[Event "Schachfestival 2016 - Open"]
[Site "chess24.com"]
[Date "2016.02.28"]
[Round "3.7"]
[White "De Santis, Alessio"]
[Black "Hildenbrand, Peter"]
[Result "0-1"]
[WhiteElo "2308"]
[BlackElo "2194"]
[PlyCount "74"]
[EventDate "2016.??.??"]
[WhiteTeam "Italien"]
[BlackTeam "Deutschland"]
[WhiteTeamCountry "ITA"]
[BlackTeamCountry "GER"]
[WhiteClock "0:10:52"]
[BlackClock "0:06:22"]

1. c4 d6 2. b3 e5 3. Bb2 g6 4. h4 Bg7 5. h5 Nf6 6. h6 Bf8 7. d4 Nc6 8. dxe5
Nxe5 9. Nc3 Nh5 10. e3 Bxh6 11. Be2 Qg5 12. Kf1 Bg4 13. Nf3 Qf5 14. e4 Qe6 15.
Nb5 O-O-O 16. Nxa7+ Kb8 17. Nb5 Nxf3 18. Bxf3 Bxf3 19. Qxf3 Rhe8 20. g4 Bg7 21.
Bxg7 Nxg7 22. Rxh7 c6 23. Rxg7 cxb5 24. Qxf7 Qxe4 25. f3 Qe2+ 26. Kg1 Qe3+ 27.
Kg2 Qe2+ 28. Kg3 Qe5+ 29. f4 Qe3+ 30. Kh4 g5+ 31. Kxg5 Re5+ 32. Kg6 Qe4+ 33. f5
Qxg4+ 34. Kh7 Qh4+ 35. Kg6 Qg4+ 36. Kh7 Qh4+ 37. Kg6 Qg4+ 0-1

[Event "Schachfestival 2016 - Open"]
[Site "chess24.com"]
[Date "2016.02.28"]
[Round "3.8"]
[White "Johnsen, Gunnar"]
[Black "Schulze, Ulrich"]
[Result "0-1"]
[WhiteElo "2164"]
[BlackElo "2296"]
[PlyCount "63"]
[EventDate "2016.??.??"]
[WhiteTeam "Norwegen"]
[BlackTeam "Deutschland"]
[WhiteTeamCountry "NOR"]
[BlackTeamCountry "GER"]
[WhiteClock "0:12:14"]
[BlackClock "0:29:16"]

1. d4 d5 2. Nf3 Nf6 3. c4 c6 4. Qc2 g6 5. Bf4 Bg7 6. e3 O-O 7. h3 c5 8. dxc5
Qa5+ 9. Nc3 Qxc5 10. Nd2 Bf5 11. Qd1 dxc4 12. Bxc4 Nc6 13. Qe2 Na5 14. a3 Nxc4
15. Qxc4 Qxc4 16. Nxc4 Rac8 17. Ne5 Rfd8 18. Rd1 Rxd1+ 19. Kxd1 Ne4 20. Nxe4
Bxe4 21. f3 Bb1 22. Re1 f6 23. Ng4 e5 24. Bg3 h5 25. Nh2 Kf7 26. Nf1 Bd3 27. e4
Bh6 28. Ne3 Rd8 29. Kc1 Bf1 30. Kc2 Bxg2 31. Nc4 Bxh3 32. Ra1 0-1

[Event "Schachfestival 2016 - Open"]
[Site "chess24.com"]
[Date "2016.02.28"]
[Round "3.9"]
[White "Fries, Frederik"]
[Black "Budzyn, Matthias"]
[Result "1-0"]
[WhiteElo "2269"]
[BlackElo "2168"]
[PlyCount "69"]
[EventDate "2016.??.??"]
[WhiteTeam "Deutschland"]
[BlackTeam "Deutschland"]
[WhiteTeamCountry "GER"]
[BlackTeamCountry "GER"]
[WhiteClock "0:33:18"]
[BlackClock "0:13:23"]

1. Nf3 Nf6 2. c4 g6 3. Nc3 d5 4. cxd5 Nxd5 5. Qb3 Nb6 6. d4 Bg7 7. Bf4 Be6 8.
Qc2 Nc6 9. e3 O-O 10. Be2 Nb4 11. Qc1 c5 12. dxc5 N6d5 13. Be5 Nxc3 14. Qxc3
Nxa2 15. Qa3 Bxe5 16. Nxe5 Qd5 17. Nf3 a5 18. O-O Nb4 19. Rac1 Qb3 20. Nd4 Qxa3
21. bxa3 Na6 22. Bf3 Bc8 23. c6 Rb8 24. c7 Ra8 25. Nb5 Bd7 26. a4 Bc6 27. Bxc6
bxc6 28. Rxc6 Nb4 29. Rc4 Rfc8 30. Rd1 Kg7 31. g4 g5 32. Kg2 Ra6 33. Rd8 Raa8
34. Rxc8 Rxc8 35. Na7 1-0

[Event "Schachfestival 2016 - Open"]
[Site "chess24.com"]
[Date "2016.02.28"]
[Round "3.10"]
[White "Chatalbashev, Boris"]
[Black "Stein, Marco"]
[Result "1-0"]
[WhiteElo "2563"]
[BlackElo "2126"]
[PlyCount "61"]
[EventDate "2016.??.??"]
[WhiteTeam "Bulgarien"]
[BlackTeam "Deutschland"]
[WhiteTeamCountry "BUL"]
[BlackTeamCountry "GER"]
[WhiteClock "0:24:48"]
[BlackClock "0:09:34"]

1. d4 d5 2. c4 dxc4 3. Nf3 Nf6 4. e3 a6 5. Bxc4 e6 6. O-O c5 7. Bd3 Nc6 8. Nc3
cxd4 9. exd4 Be7 10. Bg5 O-O 11. Qd2 Nb4 12. Bb1 Bd7 13. Ne5 Rc8 14. Re1 Bc6
15. a3 Nbd5 16. Qd3 g6 17. Bh6 Re8 18. Qh3 Qb6 19. Nxf7 Qxd4 20. Ne5 Bc5 21.
Nd3 Nxc3 22. bxc3 Qxc3 23. Ba2 Bd5 24. Bxd5 exd5 25. Rac1 Qa5 26. Re6 Ne4 27.
Rxe8+ Rxe8 28. Qd7 Re7 29. Qxd5+ Kh8 30. Nxc5 Nxc5 31. Bd2 1-0

[Event "Schachfestival 2016 - Open"]
[Site "Bad Wörishofen"]
[Date "2016.02.27"]
[Round "3.14"]
[White "Burchert, Wolfgang"]
[Black "Pezerovic, Edin"]
[Result "0-1"]
[WhiteElo "2115"]
[BlackElo "2423"]
[Annotator "chessorg"]
[PlyCount "62"]
[EventDate "2016.??.??"]
[WhiteTeam "SC Hansa Dortmund e.V."]
[BlackTeam "Muenchener SC 1836 e.V."]

1. e4 c6 2. d4 d5 3. e5 c5 4. dxc5 Nc6 5. f4 e6 6. a3 a5 7. Bd3 Bxc5 8. Qg4 g6
9. Nf3 Bd7 10. Nc3 Na7 11. Qh3 h5 12. g4 Qb6 13. Ng5 Nh6 14. gxh5 gxh5 15. Qxh5
O-O-O 16. Qe2 Nf5 17. Bxf5 exf5 18. Nxf7 d4 19. Nd1 Bc6 20. Nxh8 Rxh8 21. Nf2
Bxh1 22. Nxh1 d3 23. Qxd3 Rxh2 24. Qxf5+ Kb8 25. Qe4 Qh6 26. b4 Qh4+ 27. Kd1
Qh5+ 28. Ke1 Rxh1+ 29. Kd2 Rd1+ 30. Kc3 Nb5+ 31. Kb3 a4+ 0-1

[Event "Schachfestival 2016 - Open"]
[Site "Bad Wörishofen"]
[Date "2016.02.27"]
[Round "3.34"]
[White "Astengo, Corrado"]
[Black "Kerber, Alfred"]
[Result "1-0"]
[WhiteElo "2108"]
[BlackElo "1960"]
[Annotator "chessorg"]
[PlyCount "77"]
[EventDate "2016.??.??"]
[WhiteTeam "Mendrisio"]
[BlackTeam "SK Reutte"]

1. d4 e6 2. e4 b6 3. Nc3 Bb4 4. Bd3 Bb7 5. Nge2 Qh4 6. O-O Bxc3 7. Nxc3 Nf6 8.
f3 Nc6 9. Be3 O-O-O 10. Qd2 h6 11. Bf2 Qh5 12. Ne2 e5 13. Ng3 Qg6 14. d5 Ne7
15. a4 Nh5 16. Nxh5 Qxh5 17. a5 Kb8 18. axb6 cxb6 19. c4 d6 20. b4 f5 21. c5
dxc5 22. bxc5 Nxd5 23. exd5 Rxd5 24. cxb6 Rhd8 25. Qc3 axb6 26. Bxb6 Rc8 27.
Qa3 Rc6 28. Qf8+ Bc8 29. Ba7+ Kc7 30. Rfc1 Qg6 31. Rxc6+ Qxc6 32. Bxf5 Bxf5 33.
Qxf5 Qc3 34. Qf7+ Rd7 35. Qa2 Rd5 36. Bf2 Kd6 37. Qa6+ Ke7 38. h3 Rd6 39. Qa3
1-0

[Event "Schachfestival 2016 - Open"]
[Site "Bad Woerishofen"]
[Date "2016.02.27"]
[Round "3.41"]
[White "Wawor, Gerhard"]
[Black "Guggenberger, Guido"]
[Result "1-0"]
[WhiteElo "1940"]
[BlackElo "2029"]
[Annotator "chessorg"]
[PlyCount "85"]
[EventDate "2016.??.??"]
[BlackTeam "TV Tegernsee"]

1. d4 d5 2. c4 e6 3. cxd5 exd5 4. Nc3 c5 5. Nf3 Nc6 6. dxc5 d4 7. Na4 Bxc5 8.
Nxc5 Qa5+ 9. Qd2 Qxc5 10. a3 Nf6 11. b4 Qb6 12. e3 dxe3 13. Qxe3+ Qxe3+ 14.
Bxe3 O-O 15. Bc4 Ng4 16. O-O Nxe3 17. fxe3 h6 18. Rad1 Bg4 19. b5 Bxf3 20. gxf3
Na5 21. Ba2 Rac8 22. Rd3 Rfd8 23. Rxd8+ Rxd8 24. Rc1 Rd2 25. Rc8+ Kh7 26. Bxf7
Rd3 27. Kf2 Rxa3 28. h4 g6 29. Rg8 Ra4 30. f4 Rb4 31. Rxg6 Rxb5 32. Rd6 Kg7 33.
Rd7 Kf6 34. h5 Nc6 35. Bg6 Ne7 36. Be4 Rxh5 37. Rxb7 a5 38. Rb6+ Kg7 39. Kg3
Rc5 40. Ra6 Rc4 41. Kf3 a4 42. f5 Kf7 43. f6 1-0

[Event "Schachfestival 2016 - Open"]
[Site "Bad Wörishofen"]
[Date "2016.02.27"]
[Round "3.58"]
[White "Schulz, Gert"]
[Black "Mueller, Werner"]
[Result "0-1"]
[WhiteElo "2036"]
[BlackElo "2180"]
[Annotator "chessorg"]
[PlyCount "68"]
[EventDate "2016.??.??"]
[WhiteTeam "SK 1947 Sandhausen e.V."]
[BlackTeam "SK 1908 Goeggingen"]

1. d4 g6 2. c4 Bg7 3. Nc3 d6 4. e4 Nf6 5. Nf3 O-O 6. Be2 Nbd7 7. e5 dxe5 8.
dxe5 Ng4 9. e6 fxe6 10. O-O Nde5 11. Bg5 Bd7 12. Qc2 Nxf3+ 13. Bxf3 Rxf3 14.
gxf3 Ne5 15. f4 Nf3+ 16. Kg2 Bc6 17. Ne4 Nd2 18. f3 Nxf1 19. Rxf1 Qf8 20. Nc5
Qf7 21. Nd3 Qf5 22. Bxe7 Qg4+ 23. Kf2 Qxf3+ 24. Ke1 Qe4+ 25. Kd2 Re8 26. Bh4 e5
27. Nxe5 Rxe5 28. fxe5 Qd4+ 29. Qd3 Bh6+ 30. Ke2 Qg4+ 31. Ke1 Qxh4+ 32. Rf2 Bf8
33. Kd1 Bc5 34. Rf6 Be7 0-1

[Event "Schachfestival 2016 - Open"]
[Site "Bad Wörishofen"]
[Date "2016.02.27"]
[Round "3.64"]
[White "Hamlack, Heinz"]
[Black "Gerhards, Walter"]
[Result "1-0"]
[WhiteElo "2015"]
[BlackElo "1911"]
[Annotator "chessorg"]
[PlyCount "41"]
[EventDate "2016.??.??"]
[WhiteTeam "Post-SV Memmingen e.V."]
[BlackTeam "Ratinger SK 1950"]

1. d4 Nf6 2. Nf3 e6 3. Nbd2 c5 4. e3 Nc6 5. c3 d5 6. Bd3 Bd6 7. O-O O-O 8. Re1
b6 9. e4 cxd4 10. e5 dxc3 11. bxc3 Nxe5 12. Nxe5 Qc7 13. Ndf3 Qxc3 14. Bd2 Qa3
15. Re3 Qb2 16. Bc3 Qa3 17. Bd4 Qa5 18. Nc6 Qa3 19. Bxf6 gxf6 20. Bxh7+ Kxh7
21. Rxa3 1-0